[Event "SVK-ch U12"]
[Site "Tatralandia"]
[Date "2015.04.20"]
[Round "4"]
[White "Kossuth, Tomas"]
[Black "Uhlar, Samuel"]
[Result "1/2-1/2"]
[WhiteElo "1140"]
[BlackElo "1368"]
[PlyCount "64"]
[EventDate "2015.04.18"]
[EventType "swiss"]
[EventRounds "9"]
[EventCountry "SVK"]
[SourceTitle "CBM 166 Extra"]
[Source "ChessBase"]
[SourceDate "2015.06.18"]
[SourceVersion "1"]
[SourceVersionDate "2015.06.18"]
[SourceQuality "1"]

1. d4 Nf6 2. Nc3 g6 3. e4 d6 4. h3 Bg7 5. Nf3 0-0 6. Be2 e5 7. dxe5 dxe5 8. Qxd8 Rxd8 9. 0-0 Nc6 10. Be3 Be6 11. Rad1 Nb4 12. Nxe5 Nxc2 13. Rxd8+ Rxd8 14. Rd1 Rxd1+ 15. Bxd1 Nxe3 16. fxe3 Nxe4 17. Nxe4 Bxe5 18. b3 f5 19. Ng5 Bd5 20. Nf3 Bg3 21. Nd4 f4 22. exf4 Bxf4 23. Kf2 Bd6 24. Kf1 c5 25. Nb5 Be5 26. Nxa7 c4 27. bxc4 Bxc4+ 28. Be2 Bxa2 29. Nb5 h5 30. Na3 g5 31. Bxh5 Bb2 32. Nc2 b5 1/2-1/2

[Event "SVK-ch U10"]
[Site "Lubovna"]
[Date "2013.04.10"]
[Round "6"]
[White "Bobro, Jan"]
[Black "Uhlar, Samuel"]
[Result "1/2-1/2"]
[WhiteElo "1000"]
[BlackElo "1000"]
[PlyCount "113"]
[EventDate "2013.04.06"]
[EventType "swiss"]
[EventRounds "9"]
[EventCountry "SVK"]
[SourceTitle "CBM 153 Extra"]
[Source "ChessBase"]
[SourceDate "2013.04.22"]
[SourceVersion "1"]
[SourceVersionDate "2013.04.22"]
[SourceQuality "1"]

1. e4 e5 2. d3 Nc6 3. Nf3 Nf6 4. g3 Bc5 5. Nh4 d5 6. exd5 Nxd5 7. Nd2 0-0 8. Nb3 Qe7 9. Bg2 Be6 10. 0-0 a5 11. Nf3 a4 12. Bg5 Qd6 13. c4 axb3 14. Qxb3 Na5 15. Qd1 c6 16. cxd5 Bxd5 17. Qe1 Rae8 18. Qxa5 b6 19. Qe1 e4 20. dxe4 Rxe4 21. Bf4 Rxe1 22. Bxd6 Rxf1+ 23. Rxf1 Bxd6 24. a3 c5 25. Nd2 Bxg2 26. Kxg2 f6 27. Rd1 Bc7 28. Rb1 Rd8 29. Nc4 b5 30. Ne3 g5 31. b4 c4 32. h4 gxh4 33. gxh4 Rd7 34. Kh3 Rd2 35. Ng4 Rd3+ 36. Kg2 Rxa3 37. Nxf6+ Kg7 38. Ne8+ Kh6 39. Nxc7 c3 40. Rc1 Rb3 41. Nxb5 Rxb4 42. Nxc3 Rxh4 43. Rh1 Rxh1 44. Kxh1 Kg6 45. f4 Kf5 46. Ne2 h5 47. Kg2 h4 48. Kh3 Ke4 49. Kxh4 Kd5 50. Kg5 Ke6 51. f5+ Kf7 52. Nd4 Kg7 53. f6+ Kg8 54. Kf5 Kf8 55. Kg6 Kg8 56. f7+ Kf8 57. Nc6 1/2-1/2

[Event "SVK-ch U10"]
[Site "Lubovna"]
[Date "2013.04.09"]
[Round "5"]
[White "Uhlar, Samuel"]
[Black "Valigursky, Michal"]
[Result "0-1"]
[WhiteElo "1000"]
[BlackElo "1159"]
[PlyCount "38"]
[EventDate "2013.04.06"]
[EventType "swiss"]
[EventRounds "9"]
[EventCountry "SVK"]
[SourceTitle "CBM 153 Extra"]
[Source "ChessBase"]
[SourceDate "2013.04.22"]
[SourceVersion "1"]
[SourceVersionDate "2013.04.22"]
[SourceQuality "1"]

1. e4 e5 2. Nf3 Nc6 3. Bc4 Nf6 4. Nc3 Bc5 5. d3 d6 6. h3 0-0 7. Be3 Bb6 8. 0-0 Be6 9. Bxe6 fxe6 10. Bg5 d5 11. Bxf6 Rxf6 12. Ng5 Nd4 13. Qh5 h6 14. Nf3 Nxf3+ 15. gxf3 d4 16. Nb5 Qf8 17. Qxe5 Rg6+ 18. Kh1 Qxf3+ 19. Kh2 Qg2# 0-1